| 000 | 01161nam a22002895a 4500 | ||
|---|---|---|---|
| 001 | 014916955 | ||
| 003 | OSt | ||
| 005 | 20160118121415.0 | ||
| 008 | 050609t2013 enka frbf 001 0 eng d | ||
| 020 | _a9780857110626 | ||
| 040 |
_aAU@ _beng _cAU@ _dBAKER _dUk _dEG-ScBUE _dEG-ScBUE |
||
| 082 | 0 | 4 |
_a615.1 _bREM _222 |
| 245 | 0 | 0 |
_aRemington : _bthe science and practice of pharmacy / _cedited by Loyd V. Allen ... [et al.] |
| 246 | 3 | 0 | _aScience and practice of pharmacy |
| 250 | _a22nd ed. | ||
| 260 |
_aLondon ; _aPhiladelphia : _bPharmaceutical Press / the Royal Pharmaceutical Society : _bUniversity of Sciences, Philadelphia College of Pharmacy, _cc.2013. |
||
| 300 |
_a2 v. : _bill. ; _c28 cm. |
||
| 504 | _aIncludes bibliographical references and index. | ||
| 505 | 0 | _av. 1. The science of pharmacy -- v. 2. The practice of pharmacy. | |
| 650 | 0 |
_aDrugs _vHandbooks, manuals, etc. _2BUEsh _932488 |
|
| 650 | 0 |
_aPharmacology _vHandbooks, manuals, etc. _2BUEsh |
|
| 650 | 0 |
_aPharmacy _xPractice _vHandbooks, manuals, etc. _2BUEsh |
|
| 651 | _2BUEsh | ||
| 653 |
_bPPhrm _cMay2015 _cJanuary2016 |
||
| 700 | 1 |
_aAllen, Loyd V., _eeditor. |
|
| 942 |
_2ddc _k615.1 REM |
||
| 999 |
_c19424 _d19396 |
||